LEADER 01354nam a2200277 i 4500 001 000000170805 003 CaOOAMICUS 005 20080408000000.0 008 080408s2006 it u000 u por u 013 $a148221 020 $a88-7839-063-1 040 $aSeMil$bita 100 1 $aDe Oliveira, Mario Rui <1973- >.$0(OLS)http://semarc/name/63914 245 10$aO direito a viver do Evangelho :$bestudo jurídico-teológico sobre a sustentação do clero /$cMario Rui De Oliveira. 260 $aRoma :$bPontificia Università Gregoriana,$c2006. 300 $a364 p. ;$c24 cm. 490 0 $aTesi Gregoriana. Serie Diritto canonico ;$v71 500 $aContiene : Bibliografia (pp. 327-353). 650 4$aChiesa cattolica - Clero - Sostentamento - Italia.$0(OLS)http://semarc/subject/3197 830 0$aTesi Gregoriana. Serie Diritto canonico ;$v71.$0(OLS)http://semarc/title/400183 850 $aSeMil 852 $aSeMil$W1$xVenegono$y1$m2H I 241$j121688$B121688$CSeMilBibl$Z2$F133012 $81 961 $aSottoscrizione: Città Nuova (Agente) 996 $6020$a88-7839-063-1$9(OLS)http://semarc/number/157824 996 $6245$aO direito a viver do Evangelho :$bestudo jurídico-teológico sobre a sustentação do clero$9(OLS)http://semarc/title/244308 996 $6260$aRoma :$bPontificia Università Gregoriana$9(OLS)http://semarc/publisher/29750 LEADER 01379nam a2200277 4500 001 000000339928 003 CaOOAMICUS 005 20200615110722.0 008 200323s1708 it 000 u ita r 026 $aerl- ,es- o-si todi (3) 1708 (A) 040 $aSeMil$bita 110 21$aCompagnia di Sant'Orsola .$0(OLS)http://semarc/name/92983 245 00$aRegola generale per tutte quelle vergini della Compagnia di S. Orsola. Le quali si sono retirate à vivere in congregatione. 264 1$aIn Milano :$bPer Giacomo Bolgiani al Segno dell'Aquila Imperiale,$c1708. 300 $a46, [2] p. ;$c8° 500 $aVignetta xilogr. sul front. 500 $aIniziali, fregi xilogr. 500 $aSegn.: [A]4 B6 C-F4 (B6 e F4 bianche) 650 4$aCompagnia di sant'Orsola - Regole e Costituzioni.$0(OLS)http://semarc/subject/16299 700 1 $aBolgiani, Giacomo,$c.$0(OLS)http://semarc/name/92717 850 $aSeMil 852 $aSeMil$W1$xVenegono$y1$m3Z V 4/11 FA$j219296$B231113$CSeMilBibl$Z2$F231113 $8I 941 1 $a10 996 $6245$aRegola generale per tutte quelle vergini della Compagnia di S. Orsola. Le quali si sono retirate à vivere in congregatione$9(OLS)http://semarc/title/428850 996 $6264$aIn Milano :$bPer Giacomo Bolgiani al Segno dell'Aquila Imperiale$9(OLS)http://semarc/publisher/58941 LEADER 01120nam a2200277 i 4500 001 000000212986 003 CaOOAMICUS 005 20120507000000.0 008 120507s2011 it u000 u ita u 013 $a191836 020 $a978-88-8227-337-8 040 $aSeMil$bita 100 1 $aCassingena-Trévedy, François,$d<1962- >.$0(OLS)http://semarc/name/38147 240 13$aLa liturgie, art et métier.$0(OLS)http://semarc/title/307276 245 13$aLa liturgia, arte e mestiere /$cFrançois Cassingena-Trévedy. 260 $aMagnano :$bQiqajon,$c2011. 300 $a181 p. ;$c21 cm. 490 0 $aLiturgia e vita 650 4$aLiturgia.$0(OLS)http://semarc/subject/1618 830 0$aLiturgia e vita.$0(OLS)http://semarc/title/424526 850 $aSeMil 852 $aSeMil$W1$xVenegono$y1$m3K II 167$j163416$B163416$CSeMilBibl$Z2$F175900 $81 961 $aAcquisto: Città Nuova (Agente) 996 $6020$a978-88-8227-337-8$9(OLS)http://semarc/number/208740 996 $6245$aLa liturgia, arte e mestiere$9(OLS)http://semarc/title/307275 996 $6260$aMagnano :$bQiqajon$9(OLS)http://semarc/publisher/32326